000 00474nam a22001937a 4500
003 OSt
005 20170306162307.0
008 170306b xxu||||| |||| 00| 0 eng d
020 _a043545224x
040 _c040a
082 _aWY 100
_bN711c 1988
100 _aNolan, Yvonne
_911776
245 _aCare /
_cYvonne Nolan
260 _aOxford
_bHeinemann
_c1988
300 _aiv, 330p;
_bill :
_c27 cm.
504 _aIncludes index
650 _aCare
_92200
942 _2z
_cO_SHELF
999 _c5649
_d5649